Zdroje financovania podnikateľských subjektov bakalárska práca

Saved in:
Bibliographic Details
Main Author: Pankovčin, Ľuboslav
Corporate Author: Podnikovohospodárska fakulta EU so sídlom v Košiciach. Katedra finančného riadenia podniku
Other Authors: Weiss, Roland, 1984-
Format: Book
Language:Slovak
Published: Košice 2021
Tags: Add Tag
No Tags, Be the first to tag this record!

MARC

LEADER 00000nbm a2200000 4500
001 0274966
005 20220331094529.3
041 0 |a slo 
044 |a SK 
245 1 0 |a Zdroje financovania podnikateľských subjektov  |b bakalárska práca  |c Ľuboslav Pankovčin ; školiteľ: Roland Weiss 
264 1 |a Košice  |c 2021 
300 |a 52 s. 
100 1 |a Pankovčin, Ľuboslav 
700 1 |a Weiss, Roland, 1984- 
710 2 |a Podnikovohospodárska fakulta EU so sídlom v Košiciach. Katedra finančného riadenia podniku